[Event "Silver Lake Open-A 2018"]
[Site "Veliko Gradiste"]
[Date "2018.06.20"]
[Round "5"]
[White "Avalyan, Artur"]
[Black "Lajthajm, Borko"]
[Result "1/2-1/2"]
[WhiteElo "2268"]
[BlackElo "2432"]
[Annotator "TA"]
[PlyCount "184"]
[EventDate "2018.06.17"]
[EventType "swiss"]
[EventCountry "SRB"]
[SourceTitle "playchess.com"]
[Source "ChessBase"]
[SourceQuality "1"]

{[%evp 14,184,18,9,27,12,20,10,10,10,35,45,39,37,49,36,45,31,35,35,33,17,26,31,12,25,15,0,0,0,0,0,0,-8,0,11,84,38,38,38,38,38,38,38,58,38,38,38,38,38,40,38,39,40,38,7,10,12,7,0,0,0,0,0,0,0,0,0,0,0,0,0,0,0,0,0,0,0,0,0,0,0,0,0,0,0,0,-7,-8,-26,-26,-26,-26,-27,0,0,0,0,0,0,0,0,0,0,0,0,0,0,0,0,0,0,0,0,0,0,0,-11,0,0,0,0,0,0,0,0,0,0,0,0,0,0,0,0,0,0,0,0,0,0,0,0,0,0,0,0,0,0,0,0,0,0,0,0,0,0,0,0,0,0,0,0,0,0,0,0,0,0,0,0,0,0,12851]} 1. d4 Nf6 2. c4 e6 3. Nc3 Bb4 4. e3 b6 5. Nge2 Bb7 6. a3 Be7 7. Nf4 O-O 8. Bd3 {LiveBook: 11 Games. E44: Nimzo-Indian: Rubinstein: 4...b6 5 Ne2} Nc6 (8... d5 9. cxd5 exd5 10. b4 c5 11. bxc5 bxc5 12. dxc5 Nbd7 13. O-O Nxc5 14. Be2 Bd6 15. Nb5 Be5 16. Rb1 Nfe4 17. Bb2 Bxb2 18. Rxb2 {½-½ (40) Izoria,Z (2599)-Nakamura,H (2781) chess.com INT 2018}) 9. O-O e5 10. dxe5 Nxe5 11. Be2 a6 $146 ({Predecessor:} 11... Bd6 12. Nb5 Be7 13. b3 Ne4 14. Bb2 Ng6 15. Nd5 Bxd5 16. cxd5 {1-0 (62) Guramishvili,S (2403)-Partac,E (2086) Mexico City 2012}) 12. b3 Bd6 13. Bb2 Re8 14. Rc1 Qe7 15. b4 Ng6 16. Ncd5 Nxd5 17. Nxd5 Bxd5 18. Qxd5 Nf4 19. exf4 Qxe2 20. Qd4 {[%csl Gb2][%cal Rd4g7] [#]} Bf8 21. g3 d6 22. Rfd1 c5 23. Qc3 cxb4 24. axb4 f6 (24... b5 $11 {remains equal.}) 25. Qd4 b5 26. Qd5+ Kh8 27. Rd2 Qe4 28. cxb5 {[#] aiming for Qxe4.} axb5 29. Qxb5 Reb8 30. Qd3 Qxb4 31. Bd4 Ra3 32. Qe2 Rb3 33. Be3 Qe4 34. Ba7 Qxe2 35. Rxe2 Rb1 36. Rxb1 Rxb1+ $11 {[%mdl 4096] Endgame KRB-KRB} 37. Kg2 f5 38. Rc2 (38. Kf3 {with more complications.} Kg8 39. Ra2 Kf7 40. Bd4 g6 41. Ke2) 38... Rb7 39. Bd4 (39. Be3 {seems wilder.} Kg8 40. Kf3 Be7 41. h3 Kf7 42. g4) 39... Kg8 40. Ra2 Kf7 41. Ra3 Ke6 42. Kf3 g6 43. Ke3 Be7 44. f3 Rb1 45. Kd3 Rh1 46. Ra2 $1 Bd8 47. Ra8 Be7 48. Ra2 h5 49. Re2+ Kf7 50. Kc4 h4 51. gxh4 Bxh4 52. Kd3 Rd1+ 53. Ke3 Ke6 54. Rg2 {The position is equal.} Re1+ 55. Kd3 Rd1+ 56. Ke3 Kd5 57. Bg7 Re1+ 58. Kd3 Re6 59. Bd4 Be1 60. Rb2 Bh4 61. Rg2 Bd8 62. Be3 Ba5 63. Ra2 Bb4 64. Rg2 Bc5 65. Bd2 Bd4 66. h4 Bc5 67. Rg5 Kc6 68. h5 gxh5 69. Rxh5 Rf6 70. Bc3 Rf7 71. Bd4 Kb5 72. Rg5 Ba3 73. Rg8 Bc1 74. Rb8+ Kc6 75. Be3 Bxe3 76. Kxe3 {KR-KR} Rb7 77. Rf8 Rb5 78. Kd4 Rd5+ 79. Kc4 {Strongly threatening Rc8+.} Ra5 80. Kd4 Kd7 81. Rh8 Ra1 82. Rh7+ Kc6 83. Rf7 Ra5 84. Rf8 Kd7 85. Rh8 Ra3 86. Rh7+ Ke6 87. Rh6+ Ke7 88. Rh7+ Kf8 89. Kd5 Rxf3 90. Kxd6 Rxf4 91. Ke5 Rf1 92. Rh5 Rh1 $2 {[%mdl 40960] Precision: White = 78%, Black = 77%. . An unexpected result.} (92... f4 $11) 1/2-1/2

[Event "Silver Lake Open-A 2018"]
[Site "Veliko Gradiste"]
[Date "2018.06.20"]
[Round "5"]
[White "Mitev, Valentin"]
[Black "Savicevic, Vlatko"]
[Result "1/2-1/2"]
[WhiteElo "2086"]
[BlackElo "2354"]
[Annotator "NA"]
[PlyCount "56"]
[EventDate "2018.06.17"]
[EventType "swiss"]
[EventCountry "SRB"]
[SourceTitle "playchess.com"]
[Source "ChessBase"]
[SourceQuality "1"]
[TimeControl "40/5400+30:900+30"]

1. d4 {[%emt 0:00:00]} d5 {[%emt 0:02:32]} 2. c4 {[%emt 0:00:00]} e6 {[%emt 0:00:20]} 3. Nf3 {[%emt 0:00:11]} c6 {[%emt 0:00:08]} 4. Qc2 {[%emt 0:01:48]} dxc4 {[%emt 0:00:18]} 5. Qxc4 {[%emt 0:00:10]} b5 {[%emt 0:00:08]} 6. Qc2 {[%emt 0:00:34]} Bb7 {[%emt 0:00:55]} 7. Bg5 {[%emt 0:01:29]} Nf6 {[%emt 0:01:26]} 8. Nbd2 {[%emt 0:05:26]} h6 {[%emt 0:03:09]} 9. Bxf6 {[%emt 0:01:54]} Qxf6 {[%emt 0:00:31]} 10. e3 {[%emt 0:01:15]} Nd7 {[%emt 0:01:09]} 11. Bd3 {[%emt 0:01:56]} Qd8 {[%emt 0:00:18]} 12. O-O {[%emt 0:01:36]} Be7 {[%emt 0:00:06]} 13. Nb3 {[%emt 0:02:53]} O-O {[%emt 0:03:46]} 14. Rfd1 {[%emt 0:02:55]} Qb6 {[%emt 0:03:34]} 15. Rac1 {[%emt 0:01:22]} a5 {[%emt 0:02:39]} 16. Nfd2 {[%emt 0:25:42]} a4 {[%emt 0:03:08]} 17. Nc5 {[%emt 0:00:06]} Nxc5 {[%emt 0:00:29]} 18. dxc5 {[%emt 0:00:06]} Qc7 {[%emt 0:00:15]} 19. b4 {[%emt 0:06:05]} Rfd8 {[%emt 0:10:41]} 20. f4 {[%emt 0:03:51]} Bc8 {[%emt 0:06:13]} 21. Nf3 {[%emt 0:03:15]} Bd7 {[%emt 0:01:09]} 22. Ne5 {[%emt 0:06:43]} Be8 {[%emt 0:00:10]} 23. Be2 {[%emt 0:00:29]} Rxd1+ {[%emt 0:03:56]} 24. Rxd1 {[%emt 0:00:07]} Rd8 {[%emt 0:00:27]} 25. Rxd8 {[%emt 0:02:28]} Bxd8 {[%emt 0:00:38]} 26. Qe4 {[%emt 0:01:23]} Bf6 {[%emt 0:01:31]} 27. Qd4 {[%emt 0:06:38]} Bxe5 {[%emt 0:03:19]} 28. fxe5 {[%emt 0:00:32]} Qe7 {[%emt 0:08:35]} 1/2-1/2

[Event "Silver Lake Open-A 2018"]
[Site "Veliko Gradiste"]
[Date "2018.06.21"]
[Round "6"]
[White "Petrov, Nikita"]
[Black "Ivic, Velimir"]
[Result "1-0"]
[WhiteElo "2589"]
[BlackElo "2425"]
[Annotator "TA"]
[PlyCount "169"]
[EventDate "2018.06.21"]
[EventType "swiss"]
[EventCountry "SRB"]
[SourceTitle "playchess.com"]
[Source "ChessBase"]
[SourceQuality "1"]

{[%evp 18,169,9,-11,0,-14,-11,-11,0,-7,35,35,61,0,0,0,0,0,0,0,0,0,20,16,16,16,29,30,43,32,35,33,36,35,35,35,35,31,31,24,43,44,96,43,139,133,158,36,31,0,137,131,145,141,156,33,39,31,31,3,17,5,48,47,51,58,92,17,117,117,118,117,120,118,137,122,137,137,137,137,137,137,137,131,137,137,137,137,166,167,175,160,149,131,131,131,131,131,131,133,248,244,241,233,201,160,416,408,398,160,393,393,368,314,322,272,300,283,292,282,275,277,1626,1618,1611,1380,4481,5768,2790,2500,2019,1132,1435,1395,29961,29964,29971,29970,29974,29973,29973,29973,29971,29975,29974,29976,29978,29979,29978,29980,29981,29974,29980,29981]} 1. Nf3 Nf6 2. d4 g6 3. Bg5 Bg7 4. Nbd2 O-O 5. c3 d5 6. e3 Nbd7 7. Be2 Re8 8. O-O e5 9. h3 {D03: 1 d4 d5 2 Nf3 Nf6 3 Bg5, including Torre Attack with early ...d5} (9. Bh4 c6 10. Bg3 e4 11. Ne5 Nxe5 12. Bxe5 Bf8 13. Bg3 Bd6 14. Bh4 h6 15. c4 Be6 16. Rc1 Kg7 17. cxd5 cxd5 {½-½ (73) Kramnik,V (2811)-Radjabov,T (2710) Shamkir 2017}) 9... c6 10. b4 {LiveBook: 6 Games} a5 11. a3 {The position is equal.} e4 12. Nh2 h6 13. Bh4 $1 b5 $146 ({Predecessor:} 13... Nf8 14. Ng4 g5 15. Nxf6+ Qxf6 16. Bg3 Qe7 17. Qb3 a4 {0-1 (49) Muha,Z (2083)-Cornette,M (2482) Geneve 2007}) 14. a4 $1 axb4 15. cxb4 (15. axb5 $14 Rxa1 16. Qxa1) 15... bxa4 $11 16. Rxa4 Bb7 $1 17. Rxa8 Qxa8 18. Qc2 Bf8 19. Qc3 Bd6 20. Ra1 Qb8 ({Wrong is} 20... Bxb4 $2 21. Qb2 $18) 21. Nhf1 ({Of course not} 21. Ng4 Nxg4 22. Bxg4 f5 $17) 21... Qc7 22. Nb3 Ra8 23. Nc5 Rxa1 24. Qxa1 Qb6 25. Qa3 Kg7 26. Bg3 Bxg3 27. Nxg3 Bc8 28. Nf1 Ne8 29. Nd2 Nd6 (29... Qc7 $14) 30. Ndb3 ({Better is} 30. Qa5 $16) 30... Qc7 (30... Qb8 $1 $14) 31. Qa5 $16 Ne8 32. Bd1 (32. Nxd7 $1 $16 Qxd7 33. Bg4) 32... Nb6 $14 33. Be2 Kf8 (33... Nd7 $11) 34. b5 $16 cxb5 35. Bxb5 ({Much less strong is} 35. Qxb5 $6 h5 $14) 35... Qd6 36. Bxe8 (36. Qb4 $1 $16 Be6 37. Na5) 36... Kxe8 $14 37. Qb5+ Kf8 38. Na5 Kg7 39. Nc6 Qc7 40. Ne5 f6 41. Nc6 $36 {[%mdl 2048] White fights for an advantage.} h5 42. Ne7 ({White should try} 42. h4 $16) 42... Kf7 (42... Qxe7 $11 43. Qxb6 Qf7) 43. Nxc8 $16 Nxc8 44. Qb3 $1 {[%cal Rb3d5]} Ne7 45. Nxe4 $1 Qc1+ 46. Kh2 Qc7+ 47. g3 h4 48. Kg2 hxg3 49. Nxg3 Kg7 50. Qb5 Kf7 51. h4 Qc8 {intending ...Qg4.} 52. Qe2 Nf5 53. Nxf5 Qxf5 $18 {[%mdl 4096] Endgame KQ-KQ} 54. Qf3 Qe6 55. Qf4 Kg7 56. Kg3 Qc6 57. Qg4 Qd6+ 58. Kg2 Kh7 (58... Qe7 $16 59. h5 g5) 59. h5 $1 {[%cal Rh5g6]} gxh5 60. Qxh5+ Kg7 61. Qh3 {Threatens to win with Qg3+.} Kf7 $2 (61... Qc6 $16 62. Qf5 Kf7) 62. Kf3 Qc6 {[#]} 63. Qf5 (63. Qh7+ $1 $18 {is the precise move to win.} Ke6 64. Kg3) 63... Ke7 $2 {[#]} (63... Kg7 $16 64. Kg4 Qd6) 64. Qh7+ $1 Ke6 65. Kg4 Qc4 66. Kf4 Qe2 67. f3 Qc4 68. Qg8+ Ke7 69. Kg4 Qc6 $2 (69... Qb5 70. Qh7+ Kf8) 70. Kf5 Qc2+ 71. e4 dxe4 72. Qe6+ Kd8 73. Qxf6+ Ke8 74. Qe6+ Kd8 75. Qd5+ Kc7 76. Qxe4 {White mates.} Qc3 77. Qe5+ Kd7 78. Qd5+ Ke8 79. Kf6 Qd2 80. Qe5+ Kd8 81. f4 {[%cal Bf3f4,Bf4f5][%mdl 32]} Qh2 82. Ke6 {[%cal Re5b8]} Kc8 83. f5 Qa2+ 84. Kf6 Qf2 85. Ke7 {Precision: White = 65%, Black = 32%.} 1-0

[Event "Silver Lake Open-A 2018"]
[Site "Veliko Gradiste"]
[Date "2018.06.21"]
[Round "6"]
[White "Sanal, Vahap"]
[Black "Rajkovic, Dusan"]
[Result "1-0"]
[WhiteElo "2510"]
[BlackElo "2351"]
[Annotator "TA"]
[PlyCount "63"]
[EventDate "2018.06.21"]
[EventType "swiss"]
[EventCountry "SRB"]
[SourceTitle "playchess.com"]
[Source "ChessBase"]
[SourceQuality "1"]

{[%evp 11,63,16,33,13,30,20,25,0,4,-4,0,0,25,0,20,5,10,0,10,3,4,-21,45,35,35,34,48,47,39,39,41,47,34,50,38,43,51,33,62,70,96,82,149,139,216,218,224,236,217,197,502,489,780,754]} 1. e4 c5 2. Nc3 Nc6 3. Bb5 Nd4 4. Bc4 d6 (4... e6 5. Nge2 Ne7 6. Nxd4 cxd4 7. Ne2 Nc6 8. O-O a6 9. d3 d5 10. exd5 exd5 11. Bb3 Bd6 12. Nf4 Bxf4 13. Bxf4 O-O 14. Qf3 Be6 15. Rfe1 {1-0 (58) Cornette,M (2611)-Lenic,L (2662) chess.com INT 2018}) 5. Nge2 Nf6 6. d3 {B23: Sizilianisch (Geschlossenes System)} a6 {LiveBook: 5 Partien} 7. a4 g6 8. Be3 {Weiß hat minimalen Vorteil.} Nc6 $146 ({Vorgänger:} 8... Nxe2 9. Qxe2 Bg7 10. O-O O-O 11. f3 Bd7 12. e5 {1-0 (36) Jahn,C (2129)-Dettmann,G (2148) Rostock 2010}) 9. h3 Bg7 10. Qd2 O-O 11. O-O Be6 12. b3 Rb8 13. f4 Bd7 14. f5 Nd4 15. a5 Nxe2+ 16. Qxe2 gxf5 (16... Nh5 $1 $11 17. fxg6 hxg6) 17. exf5 $14 Bc6 {Schwarz will ...d5 spielen.} 18. d4 d5 19. Bd3 Kh8 20. Rf4 Bh6 {[#] Droht stark ...c4.} 21. Rh4 Bxe3+ 22. Qxe3 cxd4 23. Qxd4 Rg8 24. Ne2 $36 {[%mdl 2048] Weiss steht aktiver.} Rg7 25. Nf4 Qd6 26. Re1 Bb5 (26... Rbg8 $142) 27. c4 $16 dxc4 (27... Bc6 $16 {ist eine bessere Verteidigung.} 28. cxd5 Rd8) 28. Qxd6 $18 exd6 29. bxc4 Bc6 30. Rh6 Ne8 $2 {[#]} (30... Re8 {ist zäher.} 31. Rxe8+ Nxe8) 31. f6 Rg5 (31... Rg3 $142 32. Re7 Rxd3) 32. Re7 {Precision: Weiß = 56%, Schwarz = 44%.} 1-0

[Event "Silver Lake Open-A 2018"]
[Site "Veliko Gradiste"]
[Date "2018.06.21"]
[Round "6"]
[White "Kadric, Denis"]
[Black "Georgiev, Kiril"]
[Result "0-1"]
[WhiteElo "2509"]
[BlackElo "2590"]
[Annotator "TA"]
[PlyCount "94"]
[EventDate "2018.06.21"]
[EventType "swiss"]
[EventCountry "SRB"]
[SourceTitle "playchess.com"]
[Source "ChessBase"]
[SourceQuality "1"]

{[%evp 13,94,-3,5,6,20,2,25,34,36,0,41,36,55,14,91,72,83,87,81,102,89,33,65,34,79,0,7,0,0,-43,0,-6,0,0,0,0,189,196,177,152,649,614,598,186,421,429,385,0,0,0,0,0,0,0,0,0,0,0,0,0,0,-43,-47,-40,0,0,0,0,0,-12828,-12828,-12827,-12830,-12829,-12828,-12829,-12829,-12832,-12832,-12840,-12840,-12841,-12841]} 1. e4 c5 2. Nc3 d6 3. f4 g6 4. Nf3 Bg7 5. Bb5+ Bd7 6. Bc4 {B23: Closed Sicilian: Lines without g3} (6. a4 Nc6 7. O-O e6 8. Bxc6 Bxc6 9. Kh1 Nf6 10. d3 O-O 11. Be3 b6 12. Qe1 d5 13. e5 d4 14. exf6 Bxf6 {1-0 (67) Amonatov,F (2636)-Kokarev,D (2615) Riadh 2017}) 6... Nc6 7. O-O Nd4 {LiveBook: 4 Games} 8. Nxd4 {The position is equal.} cxd4 9. Ne2 Qb6 {...d3+ is the strong threat.} 10. d3 Nf6 $146 {[%cal Bg8f6,Bf6d5,Bd5e3][%mdl 32]} ({Predecessor:} 10... Rc8 11. Kh1 {0-1 (26) Methmali,Y (1786)-Soumya,S (2137) Bikaner 2004}) 11. Ng3 O-O 12. f5 Qc5 13. Bd2 d5 (13... a5 $11) 14. b4 {[%cal Bb2b4,Bb4b5][%mdl 32]} Qc6 15. exd5 Nxd5 16. b5 Qd6 17. fxg6 (17. Qf3 $1 $16 Ne3 18. fxg6 $1 {[%mdl 512]} Qxg6 19. Bxe3 (19. Qxb7 Nxf1 20. Rxf1 Be6 $11) 19... dxe3 20. Rae1 (20. Qxb7 Rad8 $14)) 17... hxg6 $14 18. Qf3 Ne3 19. Ne4 (19. Bxf7+ $16 Kh8 20. Qe4 $1 {[%mdl 512]} (20. Qxb7 Nxf1 21. Rxf1 Be6 $16)) 19... Qe5 $1 $11 20. Bxf7+ Kh8 {Hoping for ...Be6.} 21. c3 Nxf1 (21... Bg4 $5 {[%cal Rg4f3]} 22. Qf2 Nxf1 23. Rxf1 Qh5 $11) 22. Rxf1 dxc3 23. Bxc3 Qh5 $1 {[%cal Rh5f3] White must now prevent ...Qxf3.} (23... Qxb5 $6 24. Qe3 $16) 24. Qe3 $1 $36 {[%mdl 2048] White is more active.} Rad8 $2 ({Wrong is} 24... Bxb5 $2 25. Bxg7+ Kxg7 26. Ng3 $18) (24... Bxc3 $11 {and Black stays safe.} 25. Nxc3 Qh7 26. Qxe7 Bf5 27. Qf6+ Qg7 28. Qh4+ Qh7 29. Qf6+ Qg7 30. Qh4+ Qh7 31. Qf6+) 25. Bxg7+ $18 Kxg7 26. Ng5 Bc8 $2 (26... Qh4 $16) 27. Qxe7 {Intending Be8+ and mate.} Kh6 28. Nh7 $2 (28. Ne4 a5 29. bxa6 bxa6 30. Rf3 (30. Bxg6 Rxf1+ 31. Kxf1 Qd1+ 32. Kf2 Qc2+ 33. Kg3 Qxd3+ 34. Kh4 Kxg6 $11)) 28... Rh8 $2 {[#]} (28... Rde8 29. Bxe8 Rxf1+ 30. Kxf1 Qd1+ 31. Kf2 Qd2+ 32. Qe2 Qf4+ 33. Qf3 Qd2+ 34. Kg3 Qe1+ 35. Qf2 Qxe8) 29. Bxg6 $1 {[%mdl 512]} Qxg6 30. Rf6 $2 ({White has to play} 30. Rf4 $1 $18 {[%cal Rf4h4] Threatening mate with Rh4+.} Rd5 31. Nf8 Qb6+ 32. d4 $1 {[%mdl 512]}) 30... Rde8 $11 31. Qd6 Re1+ $1 32. Kf2 Re6 33. Rxg6+ Kxg6 34. Qc7 {Strongly threatening Ng5.} ({Reject} 34. Nf8+ Rxf8+ 35. Qxf8 Rf6+ 36. Qxf6+ Kxf6 $17) 34... Ree8 35. Ng5 Kxg5 36. Qg7+ Kf5 37. g4+ Ke6 $1 38. Kg3 $1 Rd8 39. d4 Rhg8 40. Qe5+ Kf7 41. g5 $2 {[%mdl 8192] [#]} (41. Qc7+ $11 Ke6 42. Qe5+ Kf7 43. Qc7+ Ke8 44. Qe5+ Kf7) 41... Rxg5+ $3 $19 {[%mdl 512] Black is clearly winning.} 42. Qxg5 Rg8 43. Qxg8+ Kxg8 {KB-KP} 44. Kf4 Be6 45. a4 Kf7 46. h4 Bb3 47. a5 Ke6 {Precision: White = 49%, Black = 41%.} 0-1

[Event "Silver Lake Open-A 2018"]
[Site "Veliko Gradiste"]
[Date "2018.06.21"]
[Round "6"]
[White "Cvitan, Ognjen"]
[Black "Tosic, Miroslav"]
[Result "1-0"]
[WhiteElo "2492"]
[BlackElo "2384"]
[Annotator "TA"]
[PlyCount "93"]
[EventDate "2018.06.21"]
[EventType "swiss"]
[EventCountry "SRB"]
[SourceTitle "playchess.com"]
[Source "ChessBase"]
[SourceQuality "1"]

{[%evp 24,93,4,10,27,0,16,12,17,13,11,8,16,0,0,6,16,12,23,17,29,22,51,-23,0,0,34,6,23,0,0,0,0,4,0,10,88,54,48,38,23,5,10,0,0,0,60,0,84,76,69,77,153,124,660,660,1027,1012,1047,558,564,544,794,415,418,412,415,365,384,384,368,377]} 1. d4 d5 2. c4 dxc4 3. e3 e5 4. Bxc4 exd4 5. exd4 Bd6 6. Nf3 Nf6 7. O-O O-O 8. Nc3 Nc6 9. h3 h6 10. Qc2 {D20: Queen's Gambit Accepted: 3 e3 and 3 e4} (10. a3 Bf5 11. Re1 a6 12. Be3 Qd7 13. d5 Ne5 14. Bf1 Nxf3+ 15. Qxf3 Rfe8 16. Bd4 Rxe1 17. Rxe1 Re8 18. Rxe8+ Nxe8 19. g4 {½-½ (33) Cori Tello,J (2659)-Hungaski,R (2510) Montevideo 2018}) 10... Na5 11. Bd3 Nc6 12. a3 Be6 13. Re1 {LiveBook: 7 Games} Re8 14. Be3 Nd5 $146 ({Predecessor:} 14... Qd7 15. Ne4 Nxe4 16. Bxe4 f5 17. Bd3 Qf7 {½-½ (29) Traut,G (2270)-Tauscher,K (2404) Remote email 2013}) 15. Bh7+ Kh8 16. Be4 Nce7 17. Bd2 c6 18. Ne5 Nf6 19. Bd3 Ned5 20. Re2 Kg8 21. Rae1 Rc8 22. Na4 Rc7 23. Ba5 (23. Nc5 $14) 23... b6 24. Bd2 Qc8 25. Nc3 Nxc3 26. Bxc3 Nd5 27. Bd2 {[%cal Bc3d2,Bd2f4,Bf4h6][%mdl 32]} c5 28. Qa4 Rd8 29. dxc5 Bxc5 (29... Rxc5 $11 30. Qxa7 Nc7) 30. Qh4 Bf8 31. Qg3 Ne7 32. Bf4 {Black should prevent Nxf7.} Bf5 33. Bb5 Rc5 $1 {[%cal Rc5b5]} 34. Ba4 $36 {[%mdl 2048] [#] Hoping for Bb3. White has some pressure.} Be6 (34... f6 $11 35. Ng4 Ng6) 35. Ng4 (35. Nxf7 $1 $14 Bxf7 36. Rxe7 Bxe7 37. Rxe7) 35... Nf5 (35... Kh7 $11) 36. Nxh6+ $1 $16 Nxh6 37. Bxh6 Rd4 (37... Qc7 $142 38. Bf4 Bd6 39. Bxd6 Qxd6) 38. Bb3 Bxb3 $4 {[%mdl 8192]} (38... Rc6 $16 39. Rxe6 Rxe6 40. Rxe6 (40. Bxe6 fxe6 41. Qg6 Qd7 $16) 40... fxe6) 39. Re8 $18 {[%csl Gh6][%cal Rg3g7] [#]} Rg4 40. hxg4 {Qd6 would kill now.} Qc6 41. Qxb3 gxh6 42. Qe3 Qf6 43. Qe7 Qxe7 {White is winning.} 44. R1xe7 Kg7 45. Re2 Rc4 46. R8e4 Rc1+ 47. Kh2 {Precision: White = 53%, Black = 40%.} 1-0

[Event "Silver Lake Open-A 2018"]
[Site "Veliko Gradiste"]
[Date "2018.06.21"]
[Round "6"]
[White "Stojanovic, Mihajlo"]
[Black "Kathmale, Sameer"]
[Result "1-0"]
[WhiteElo "2488"]
[BlackElo "2335"]
[Annotator "TA"]
[PlyCount "79"]
[EventDate "2018.06.21"]
[EventType "swiss"]
[EventCountry "SRB"]
[SourceTitle "playchess.com"]
[Source "ChessBase"]
[SourceQuality "1"]

{[%evp 19,79,33,45,36,41,45,66,65,62,65,70,35,43,36,53,39,105,108,141,138,171,183,249,237,274,240,227,159,235,155,159,172,184,183,211,207,283,280,272,249,255,250,258,193,205,178,315,291,534,431,504,472,751,750,2291,1014,5860,5923,5555,5293,4970,4971]} 1. d4 d5 2. c4 c6 3. Nc3 Nf6 4. e3 Bf5 5. cxd5 cxd5 6. Qb3 Nc6 {D10: Damengambit (Slawische Verteidigung)} 7. Qxb7 Bd7 8. Qb3 Rb8 9. Qd1 e5 10. dxe5 (10. Nf3 Bd6 11. dxe5 Nxe5 12. Be2 O-O 13. O-O Nxf3+ 14. Bxf3 {0-1 (51) Harikrishna,P (2744)-Mamedov,R (2709) Riadh 2017}) 10... Nxe5 {LiveBook: 49 Partien} 11. Nge2 Bd6 12. Nf4 Ng6 $146 ({Vorgänger:} 12... O-O 13. Be2 Bc6 14. O-O {0-1 (31) Urkedal,F (2570)-Bartholomew,J (2449) Fornebu 2017}) 13. Nfxd5 Nxd5 14. Qxd5 ({Natürlich nicht} 14. Nxd5 $6 Bc6 $11) 14... Rb6 15. Bb5 Bxb5 16. Nxb5 O-O $1 17. Nc3 Re8 (17... Qc7 $14) 18. O-O $16 Re5 19. Qd1 Qh4 {[#] ...Td5! ist eine echte Drohung.} 20. f4 Rh5 (20... Re8 $142 21. Qa4 Rbb8 22. Qxa7 Qh5) 21. h3 $18 Ne7 22. Ne4 Rd5 23. Qg4 Qh6 (23... Qxg4 $16 24. hxg4 Bc7) 24. Nxd6 Qxd6 25. b3 Qc5 26. Qf3 Rg6 27. Bb2 {Schwarz muss nun f5! beachten.} Rd2 {[#] Droht ...Dxe3+! und aus.} 28. Rf2 Rxf2 29. Qxf2 $40 {[%mdl 128] Schwarz ist in Schwierigkeiten.} ({Keinesfalls} 29. Kxf2 $6 Qc2+ 30. Kg1 h5 $16) 29... Qd5 30. Kh2 h5 31. Re1 Qe4 32. Qf3 Qc2 (32... Qxf3 {war einen Versuch wert.} 33. gxf3 Ra6) 33. Re2 Qb1 $2 (33... Qd3 34. e4 (34. Qxh5 Nf5 $16) 34... Qxf3 35. gxf3 Rd6) 34. e4 {Weiß steht klar auf Gewinn.} h4 35. f5 Rg3 (35... Rd6 $142) 36. Qf4 Rd3 37. Qg5 (37. Qb8+ $142 Kh7 38. Qf8) 37... f6 38. Bxf6 {[%csl Gf6][%cal Rg5g7]} Rg3 39. Qxh4 Qd3 40. Qxg3 {Precision: Weiß = 67%, Schwarz = 40%.} 1-0

[Event "Silver Lake Open-A 2018"]
[Site "Veliko Gradiste"]
[Date "2018.06.21"]
[Round "6"]
[White "Blagojevic, Dragisa"]
[Black "Mitev, Valentin"]
[Result "1-0"]
[WhiteElo "2486"]
[BlackElo "2086"]
[Annotator "TA"]
[PlyCount "81"]
[EventDate "2018.06.21"]
[EventType "swiss"]
[EventCountry "SRB"]
[SourceTitle "playchess.com"]
[Source "ChessBase"]
[SourceQuality "1"]

{[%evp 9,81,6,14,17,18,17,13,-14,-8,-15,-10,0,17,15,14,7,77,53,61,47,78,65,104,107,106,83,116,116,123,123,125,119,128,126,124,110,116,92,114,107,106,111,121,112,117,111,119,118,124,93,111,89,91,99,101,102,106,89,96,89,97,89,196,199,412,387,402,381,383,374,457,454,883,876]} 1. d4 d5 2. Nf3 Nf6 3. c4 dxc4 4. Qa4+ Nc6 5. Nc3 Bg4 (5... Nd5 6. Qxc4 Nb6 7. Qb5 a6 8. Qd3 e5 9. Nxe5 Qxd4 10. Nxc6 Qxd3 11. exd3 bxc6 12. Bf4 Bd6 13. Bg3 Bf5 14. Be2 {½-½ (25) Ivanchuk,V (2786)-Dominguez Perez,L (2719) Almaty 2008}) 6. Ne5 {D23: Queen's Gambit Accepted: 3 Nf3 Nf6 sidelines} Bd7 $1 {aiming for ...Nxe5.} 7. Qxc4 {[%csl Ge5][%cal Rc4f7]} Be6 8. Qa4 $146 {The position is equal.} (8. Qb5 {looks sharper.} a6 9. Nxc6 axb5 10. Nxd8 Kxd8 11. Nxb5 Rxa2 12. Rxa2 Bxa2 13. e3) ({Predecessor:} 8. Qb5 a6 9. Nxc6 axb5 10. Nxd8 Kxd8 11. Nxb5 Rxa2 12. Rxa2 Bxa2 13. f3 {½-½ (27) Djoudi,A (2321)-Lehnert,R (2303) IECG email 2006}) 8... Qxd4 9. Nxc6 Qxa4 10. Nxa4 {Ne5 is the strong threat.} bxc6 (10... Bd7 {seems wilder.} 11. Na5 Bxa4 12. b3 Bd7 13. Nxb7 a5) 11. b3 Nd7 12. e4 f6 (12... f5 $11 {remains equal.}) 13. Be3 Bf7 14. Ba6 Rb8 15. Rc1 e5 16. Rxc6 Bd6 17. Bd3 Nb6 18. Nc5 Ke7 {[#]} 19. Na6 $1 {[%csl LRb8,LRc7][%cal Ra6b8]} Rb7 20. Ke2 Rc8 21. Rhc1 Be8 22. R6c3 Nd7 23. R3c2 h6 24. h4 Nf8 25. Nc5 Rbb8 26. Ba6 Bb5+ 27. Kf3 Bxa6 28. Nxa6 Rb7 29. Nc5 Rbb8 30. Rc4 a5 31. h5 $36 {[%mdl 2048] White is in control.} Rb4 32. Kg4 Ra8 33. Kf5 Kf7 34. g3 Rb5 35. R1c2 Rd8 {[#]} (35... Rb6 $16) 36. Na6 $1 $18 Ne6 $2 (36... c6 37. Rxc6 g6+ 38. hxg6+ Nxg6) 37. Nxc7 Nxc7 38. Rxc7+ Bxc7 39. Rxc7+ Kf8 40. Kg6 Rdb8 (40... Rd4 $142 41. Rxg7 Rxe4) 41. Rxg7 {Precision: White = 73%, Black = 45%.} 1-0

[Event "Silver Lake Open-A 2018"]
[Site "Veliko Gradiste"]
[Date "2018.06.21"]
[Round "6"]
[White "Pikula, Dejan"]
[Black "Atakisi, Umut"]
[Result "1/2-1/2"]
[WhiteElo "2471"]
[BlackElo "2380"]
[Annotator "TA"]
[PlyCount "41"]
[EventDate "2018.06.21"]
[EventType "swiss"]
[EventCountry "SRB"]
[SourceTitle "playchess.com"]
[Source "ChessBase"]
[SourceQuality "1"]

{[%evp 16,41,15,11,12,10,41,31,39,8,10,18,26,-8,27,0,0,0,0,-16,-16,-17,0,0,0,0,-5,-10]} 1. d4 d5 2. Bf4 c5 3. e3 cxd4 4. exd4 Nc6 5. c3 Bf5 (5... Nf6 6. Bd3 Bg4 7. Qb3 Qc8 8. Nd2 e6 9. Ngf3 Bh5 10. O-O Be7 11. Rae1 a6 12. Qc2 Bg6 13. Ne5 Nxd4 14. Qa4+ Nc6 15. Nxg6 hxg6 16. Nf3 b5 17. Qd1 Qd7 18. a4 bxa4 19. Qxa4 {1-0 (84) Nakamura,H (2780)-Topalov,V (2749) Saint Louis 2017}) 6. Nf3 {B13: Caro-Kann: Exchange Variation and Panov-Botvinnik Attack} e6 7. Qb3 Qd7 8. Nbd2 a6 9. Be2 {LiveBook: 4 Games} h6 $146 ({Predecessor:} 9... Nf6 10. O-O Be7 11. Ne5 Nxe5 12. Bxe5 O-O 13. c4 dxc4 14. Nxc4 {½-½ (22) Berkes,F (2678)-Mihok,O (2456) Hungary 2013}) 10. O-O Nf6 11. Ne5 Nxe5 12. dxe5 Ne4 13. Nxe4 Bxe4 14. Rad1 Bc5 15. Bd3 Bxd3 {The position is equal.} 16. Rxd3 Qb5 17. Rfd1 Qxb3 18. axb3 g5 19. Be3 Bxe3 20. Rxe3 Ke7 21. Rd4 1/2-1/2